000
00296nam a22001337a 4500
008
181107b xxu||||| |||| 00| 0 eng d
020
_a
9780312189273
041
_a
eng
080
_a
371
100
_a
46
101
_a
EDU
245
_a
The New St.Martin's Handbook
_c
Lunsford
942
_2
udc
_c
BK
999
_c
52223
_d
52223